000 00492nam a2200181Ia 4500
999 _c15203
_d15203
003 OSt
005 20201028111229.0
008 190216s9999||||xx |||||||||||||| ||und||
020 _a9780141198064
040 _coclc
082 _a843.914
_bCAM/O
100 _aCamus, Albert
_95059
245 4 _aThe Outsider /
_cAlbert Camus
250 _a1st Ed.
260 _bPenguin Books,
_c2013.
_aLondon:
300 _a119p
942 _cBK
_2ddc
_h843.914
_iCAM/O
_k843.914
_mCAM/O